Podpora inovačných aktivít v slovenských podnikoch
Analyzovanie podmienok pre rozvoj inovačných procesov a podporu pro-inovačného prostredia na Slovensku. Inovačná aktivita v SR v porovnaní s ekonomikami iných európskych štátov a konkurenčná schopnosťslovenských podnikov. Najvážnejšie príčiny a potreba nových stratégií a nevyhnutných zmien hospodár...
Saved in:
| Main Author: | |
|---|---|
| Format: | Book Chapter |
| Language: | Slovak |
| Subjects: | |
| Tags: |
No Tags, Be the first to tag this record!
|
MARC
| LEADER | 00000nla a2200000 4500 | ||
|---|---|---|---|
| 001 | 0213632 | ||
| 005 | 20240502073551.1 | ||
| 041 | 0 | |a slo | |
| 044 | |a SK | ||
| 245 | 1 | 0 | |a Podpora inovačných aktivít v slovenských podnikoch |c Alica Lacková |
| 520 | |a Analyzovanie podmienok pre rozvoj inovačných procesov a podporu pro-inovačného prostredia na Slovensku. Inovačná aktivita v SR v porovnaní s ekonomikami iných európskych štátov a konkurenčná schopnosťslovenských podnikov. Najvážnejšie príčiny a potreba nových stratégií a nevyhnutných zmien hospodárskej politiky, financovania, riadenia, vzdelávania, výskumu, inovácií a podpory podnikania. | ||
| 610 | 2 | 0 | |a Slovensko |
| 610 | 2 | 0 | |a stratégia inovačná |
| 610 | 2 | 0 | |a bariéry inovačné |
| 610 | 2 | 0 | |a inovácia |
| 610 | 2 | 0 | |a financovanie |
| 610 | 2 | 0 | |a efektívnosť inovácií |
| 610 | 2 | 0 | |a transfer inovácií |
| 610 | 2 | 0 | |a podpora podnikania |
| 100 | 1 | |a Lacková, Alica | |